Who Has The Most Homers This Season? - Statistics

General Stats
  • This quiz has been taken 4 times
  • The average score is 4 of 15
Answer Stats
Hint Answer % Correct
T-6 Aaron Judge
100%
T-6 Brent Rooker
50%
T-6 Corbin Carroll
25%
T-3 Fernando Tatis Jr.
25%
T-6 James Wood
25%
T-6 Jazz Chisholm Jr.
25%
T-6 Kyle Schwarber
25%
T-6 Kyle Tucker
25%
T-6 Spencer Torkelson
25%
T-1 Tyler Soderstrom
25%
T-1 Cal Raleigh
0%
T-6 Kyle Manzardo
0%
T-3 Mike Trout
0%
T-3 Tommy Edman
0%
T-6 Wilmer Flores
0%
No matching quizzes found
Score Distribution
Percent of People with Each Score
Percentile by Number Answered
Your Score History
You have not taken this quiz